MCU Villain by Movie - Statistics

General Stats
  • This quiz has been taken 285 times
    78 since last reset
  • The average score is 24 of 37
Answer Stats
Movie Villain % Correct
The Avengers Loki
98%
Captain America: The First Avenger Red Skull/ Johann Schmidt
95%
Avengers: Age of Ultron Ultron
93%
Thor Destroyer/ Loki
92%
Avengers: Infinity War Thanos
92%
Avengers: Endgame Thanos
92%
Black Panther Erik Killmonger
83%
Iron-Man Iron-Monger/ Obadiah Stane
83%
Iron-Man 2 Whiplash/ Ivan Vanko
83%
The Incredible Hulk Abomination/ Emil Blonsky
82%
Thor: Ragnarok Hela
82%
Spider-Man: Far From Home Mysterio
80%
Spider-Man: Homecoming Vulture
80%
Guardians of the Galaxy Vol. 2 Ego/ Ayesha
78%
Guardians of the Galaxy Ronan The Accuser
77%
Spider-Man: No Way Home Doctor Octopus, Green Goblin, Sandman, Electro, Lizard
75%
Iron-Man 3 The Mandarin/ Aldrich Killian
73%
Doctor Strange in the Multiverse of Madness Scarlet Witch
70%
Ant-Man and the Wasp: Quantumania Kang
68%
Ant-Man Yellowjacket/ Darren Cross
68%
Ant-Man and The Wasp Ghost
67%
Thor: Love and Thunder Gorr
65%
Black Panther: Wakanda Forever Namor
65%
Thor: The Dark World Malekith
62%
The Fantastic Four: First Steps Silver Surfer, Galactus
60%
Captain America: Brave New World Red Hulk, Sidewinder
58%
Doctor Strange Kaecilius
53%
Black Widow Taskmaster
52%
Captain America: The Winter Soldier Alexander Pierce
47%
Captain America: Civil War Helmut Zemo
40%
Thunderbolts* Valentina, Taskmaster
38%
Guardians of the Galaxy Vol. 3 High Evolutionary
37%
Captain Marvel Yon-Rogg
37%
Deadpool & Wolverine Cassandra Nova
35%
Shang-Chi and the Legend of the Ten Rings Wenwu
32%
The Marvels Dar-Benn
22%
Eternals Kro
17%
No matching quizzes found
Score Distribution
Percent of People with Each Score
Percentile by Number Answered
Your Score History
You have not taken this quiz since the last reset